Polyfunkčná zóna Janíkov dvor

Enregistré dans:
Détails bibliographiques
Auteur principal: Kravčík, Matúš (Auteur)
Autres auteurs: Skoček, Iľja (Directeur de thèse)
Format: Manuscrit Livre
Langue:slovaque
Publié: 2022
Sujets:
Accès en ligne:http://is.stuba.sk/zp/portal_zp.pl?podrobnosti=163660
https://opac.crzp.sk/?fn=detailBiblioForm&sid=D9F0BB0A8DA9926980A892D31B33
Tags: Ajouter un tag
Pas de tags, Soyez le premier à ajouter un tag!

MARC

LEADER 00000ntm a22000003a 4500
001 stuzp88910
003 SK-STU
005 20230505135509.0
007 ta
008 150427s2015----xo-----f-mn---000-0-slo-d
040 |a STU  |b slo 
041 0 |a slo 
100 1 |a Kravčík, Matúš  |u 010310  |4 aut  |U SvF Stavebná fakulta  |T SvF Katedra architektúry  |X 87295  |U V181|V310  |Y 19  |7 87295 
242 0 1 |a Multifunctional zone Janíkov dvor  |y eng 
245 1 0 |a Polyfunkčná zóna Janíkov dvor 
260 |c 2022 
650 4 |a Janíkov dvor  |2 slo 
650 4 |a polyfunkčná zóna  |2 slo 
650 4 |a bývanie  |2 slo 
650 4 |a materskáškola  |2 slo 
650 4 |a zariadenie opatrovateľskej služby  |2 slo 
650 4 |a parkovací dom  |2 slo 
650 4 |a Janíkov dvor  |2 eng 
650 4 |a housing  |2 eng 
650 4 |a parking house  |2 eng 
650 4 |a multifunctional zone  |2 eng 
650 4 |a kindergarten  |2 eng 
650 4 |a nursing service facility  |2 eng 
700 1 |a Skoček, Iľja  |4 ths  |X 71168  |7 71168 
856 4 |u http://is.stuba.sk/zp/portal_zp.pl?podrobnosti=163660 
856 4 |u https://opac.crzp.sk/?fn=detailBiblioForm&sid=D9F0BB0A8DA9926980A892D31B33